| 000 | 00473nam a2200169 a 4500 | ||
|---|---|---|---|
| 001 | 1031 | ||
| 003 | CDMR | ||
| 005 | 20260515062531.0 | ||
| 008 | 130130s1998||||||||||||||||||||||||||||d | ||
| 020 | _a8492103582 | ||
| 040 |
_aCDMR _bcat _cCDMR |
||
| 100 | 1 |
_aHuertas, Josep Maria _d1939-2007 _928 |
|
| 245 | 1 | 3 |
_aEl periodista _b: entre la indefinició i la ambigüitat _cJosep M. Huertas |
| 260 |
_aBarcelona _c1998 _bDèria |
||
| 490 | 0 |
_aPapers d'estudi _v3 |
|
| 942 |
_cMON _2udc |
||
| 999 |
_c1031 _d1031 |
||